00453 a2200157 4500001000700000020000600007040001100013100002700024240004500051245004000096362000900136697002200145942000700167952010200174999001900276176090 a  cMagnum aVieira, Thereza Freire10aPadre jose luiz e a vila das gracaslpor10aPadre jose luiz e a vila das gracas0 a1899 aMAGNITO: RELIGIAO cBK 00104070a32.5b32.5d2024-06-08l0oLI.03565pMAG00025235r2024-06-08 20:49:52w2024-06-08yBK c176090d176090